000 00411nam a2200145Ia 4500
008 230917s9999||||xx |||||||||||||| ||und||
040 _e112387
_aMAIN
041 _aEnglish
082 _a320.50954 P79M
100 _aPoonam Rani
245 0 _aMahtama gandhi ka satyagraha sambabdhi vichar tatha vartman sandrabh mein unki prasangita
260 _aRohtak
_bM. D. U.
_c2004
300 _a118 p p.
942 _cBK
999 _c124508
_d124508